| 000 | 00526nam a2200157 i 4500 | ||
|---|---|---|---|
| 001 | 46199 | ||
| 003 | ES-MaACL | ||
| 005 | 20230906161337.0 | ||
| 007 | t| | ||
| 008 | 030328s1956 mx ||||1| spa d | ||
| 111 | 2 |
_aConferencia Interamericana de Seguridad Social ( _cMéxico) _9202 |
|
| 245 | 1 | 0 | _aLegislación comparada de los seguros sociales en América Latina. |
| 260 |
_aMéxico : _bSecretaría General del Comité Permanente, _c1956. |
||
| 300 |
_a43 p. : _b6 gráf. ; _c26 cm. |
||
| 852 |
_aES-MaACL _j1972-F-25 _bR.40389 |
||
| 999 |
_c46199 _d46199 |
||